| 000 | 00698nam a2200253 a 4500 | ||
|---|---|---|---|
| 001 | BRCA_5399 | ||
| 005 | 20190320205048.0 | ||
| 008 | 091210s1942----sp-a######---#000-0#spa-# | ||
| 041 | _aspa | ||
| 044 | _asp | ||
| 050 | 4 |
_aND801 _b.M39 1942 |
|
| 100 | 1 |
_aMayer, Augusto L. _913802 |
|
| 245 | 1 | 0 |
_aHistoria de la pintura española _cAugusto L. Mayer. |
| 250 | _a2 | ||
| 260 |
_aMadrid _bEspasa-Calpe _c1942 |
||
| 300 |
_a556 p. _bil., (algunas a color) 425 láminas _c28 cm. |
||
| 500 | _aIncluye índice de artistas | ||
| 500 | _aE126 | ||
| 650 | 1 | 4 |
_aPintura española _97790 |
| 650 | 1 | 4 |
_aPintores españoles _97620 |
| 650 | 1 | 4 |
_aPintura _xHistoria _913803 |
| 902 | _aGFM | ||
| 942 |
_2lcc _cB |
||
| 999 |
_c5093 _d5093 |
||